Science Quiz

Random Science or State Quiz

Most Earthquake Prone US States Quiz Stats

 Plays Quiz not verified by Sporcle

Support Sporcle.
Go Orange.
Score 0/20 Timer 02:00
0 Plays Today
% of Seismic Activity State % Correct
23.2 %California
98.6%
57.2 %Alaska
94.1%
2.0 %Washington
93.5%
0.3 %Oregon
93.5%
< 0.1%Texas
90.9%
7.3 %Hawaii
89.5%
0.2 %Arizona
89.5%
3.7 %Nevada
87.5%
1.9 %Idaho
86.1%
0.2 %New Mexico
86.1%
% of Seismic Activity State % Correct
0.1 %Colorado
85.6%
0.9 %Montana
82.2%
0.7 %Utah
79.9%
1.0 %Wyoming
79.3%
< 0.1%Oklahoma
71.7%
0.2 %Arkansas
60.3%
< 0.1%Missouri
59.8%
0.1 %Tennessee
53.8%
< 0.1%Illinois
53.3%
< 0.1%Maine
46.2%

You're not logged in!

Compare scores with friends on all Sporcle quizzes.
OR
Log In

From the Vault

Disney Voice Stars

by Hejman

These stars know exactly what it takes to find your voice.
Remove Ads.
Support Sporcle.
Get the best of Sporcle when you Go Orange. This ad-free experience offers more features, more stats, and more fun while also helping to support Sporcle. Thank you for becoming a member.

Show Comments

Extras

Top Quizzes Today


Score Distribution

Your Account Isn't Verified!

In order to create a playlist on Sporcle, you need to verify the email address you used during registration. Go to your Sporcle Settings to finish the process.

Report this User

Report this user for behavior that violates our Community Guidelines.

Details: